|
|
|
|
| LEADER |
00000nab a2200000 ar4500 |
| 001 |
vtls009478928 |
| 003 |
SK-MaSNL |
| 005 |
20260304215258.0 |
| 008 |
090302c19730131xo |r|p|||||||000 b|slo |
| 015 |
|
|
|a SNBRB1973
|
| 038 |
|
|
|a SNKBUCL
|
| 040 |
|
|
|a SNKBUCL
|b slo
|c SNKBUCL
|e AACR2
|
| 041 |
|
|
|a slo
|
| 044 |
|
|
|a xo
|c SK
|
| 080 |
|
|
|a 78.071.1/.2
|2 1997
|
| 245 |
0 |
0 |
|a Slovenský východ - žriedlo Grešákovej tvorby
|c [autor] (mk)
|
| 300 |
|
|
|b Obr.
|
| 600 |
1 |
7 |
|a Grešák, Jozef,
|d 1907-1987
|2 snkbucl
|9 40036
|
| 655 |
|
7 |
|a profily
|2 snkbucl
|9 341977
|
| 773 |
0 |
|
|t Východoslovenské noviny
|g (31.1.1973), s. 4
|
| 852 |
|
|
|a SNK
|b KIS3GCP
|
| 958 |
|
|
|a BX
|
| 999 |
|
|
|c 3145638
|d 3147568
|